One muddy hand: selected poems
Uloženo v:
| Hlavní autoři: | , |
|---|---|
| Médium: | Kniha |
| Jazyk: | angličtina |
| Vydáno: |
Madeira Park
Harbour Publishing
2006
|
| Vydání: | 1a. ed |
| Edice: | Rincón Canadá
|
| Témata: | |
| Tagy: |
Přidat tag
Žádné tagy, Buďte první, kdo vytvoří štítek k tomuto záznamu!
|
MARC
| LEADER | 00000cam a2200000 a 4500 | ||
|---|---|---|---|
| 001 | UCE3629 | ||
| 003 | CL-VaPUC | ||
| 008 | 140911e20060000cn |||||||||||||||||eng|d | ||
| 020 | |a 1550173707 | ||
| 082 | 0 | 4 | |a C811 |b BIR |2 21 |
| 100 | 0 | |a Birney, Earle |e author |9 576093 | |
| 700 | 0 | |a Solecki, Sam |e author |9 576094 | |
| 245 | 1 | 0 | |a One muddy hand: selected poems |
| 250 | |a 1a. ed | ||
| 300 | |a 204 p | ||
| 942 | |c BK | ||
| 945 | |d 20140911 14:25:00 |a arojas | ||
| 260 | |a Madeira Park |b Harbour Publishing |c 2006 | ||
| 650 | 0 | |a Poesías canadienses |9 314771 | |
| 650 | 0 | |a Literatura canadiense |9 342826 | |
| 583 | |a last modification |c 20140923 02:15:30 |k Rodrigo Vera | ||
| 490 | 0 | |a Rincón Canadá | |
| 999 | |c 356825 |d 356823 | ||
| 952 | |0 0 |1 0 |3 erb |4 0 |6 C_811_000000000000000_BIR_2006 |7 0 |8 A |9 464582 |a BIBEDU |b BIBEDU |i 5113989 |o C811 BIR 2006 |p 5113989 |r 2019-11-23 |w 2019-11-23 |y BK |z Catalogado en:20140911 |k LIT | ||